Responses for Show #3303 - Wednesday, January 6, 1999

Contestants

[<< previous game]

Lynn Crowell, a voice actress from New York City, New York

Dennis Thibodeaux, a computer consultant from Nashville, Tennessee

April Hahn, an administrative assistant from San Francisco, California (whose 1-day cash winnings total $14,200)

[next game >>]

Jeopardy! Round responses

FDR
(Alex: You're gonna love these categories because they are all initials.)
CNN
LSU
KFC
TBA
SRO
    $100 13
live in Infamy

Lynn
    $100 1
Larry King Live

Dennis
    $100 2
Baton Rouge

Dennis
    $100 19
Col. Harland Sanders

Dennis
    $100 4
a pope

Lynn
    $100 26
(Lynn: What is Riverdance?)
...
(Alex: Less than a minute to go.)

the tango

AprilLynn
    $200 15
Fireside Chats

Dennis
    $200 9
Rowland Evans

Dennis
    $200 3
Joanne Woodward

Lynn
    $200 20
11

April
    $200 5
a bullhorn

Dennis
    $200 27
(Alex: Less than 30 seconds.)

Beauty and the Beast

Triple Stumper
    $300 16
Harvard

Lynn
    $300 10
Hong Kong

Dennis
    $300 6
Pete Maravich

Dennis
    $300 21
China

Dennis
    $300 14
president of the United States

Dennis
    $300 28
Art

Triple Stumper
    $400 17
Hyde Park

Dennis
    $400 11
(April: What is Vietnam?)

Cuba

AprilDennis
    $400 7
(Dennis: Who is Sheridan?)

William Tecumseh Sherman

Dennis
Triple Stumper
    $400 22
(Lynn: What is Coca-Cola?)

Pepsi cola

AprilLynn
    $400 24
a flash flood

Lynn
    $500 29
42nd Street

April
    $500 18
the Brain Trust

Dennis
    $500 12
Moneyline

Dennis
    $500 8
Robert Penn Warren

Dennis
    $500 23
chicken pot pie

Lynn
    $500 25
a crier

Dennis
    $500 30
Tony Kushner

Dennis

Scores at the first commercial break (after clue 14):

April Dennis Lynn
-$400 $2,500 $400

Scores at the end of the Jeopardy! Round:

April Dennis Lynn
$800 $5,000 $1,100

Double Jeopardy! Round responses

THE USA
THE NBA
THE CIA
THE ICU
THE "A" "B" "C"s
THE CAT
(Alex: The C-A-T, oh no that's the cat, le chat.)
    $200 14
(Dennis: What are the Adirondacks?)

the Appalachians

Dennis
Triple Stumper
    $200 1
the KGB

Lynn
    $200 21
(Dennis: I'm having one now!)

a heart attack

Dennis
    $200 7
(Lynn: What is lust?)

adultery

AprilLynn
    $200 2
teeth

Dennis
    $400 15
Nevada

April
    $400 3
U-2

Dennis
    $400 22
EKG (electrocardiogram)

Dennis
    $400 8
cygnet

April
    $400 12
a leopard

April
    $600 16
Alamogordo

Dennis
    $400 28
(April: Who were the Celtics?)
[The end-of-round signal sounds.]

Detroit Pistons

April
    $600 4
(Alex: Show off! Well done!)

George Herbert Walker Bush

Dennis
    $600 23
a coma

Dennis
    $600 9
concave & convex

April
    $600 13
the tiger

Dennis
    $800 17
(Lynn: What is Denver?)

Leadville

Lynn
Triple Stumper
    $800 26
(April: Who is Malone?)
...
(Alex: He did make many of his assists to Malone.)

John Stockton

April
Triple Stumper
    $800 5
(Alex: Our researchers called the CIA to verify this bit of information because we do that with all of our clues and they would not confirm that they were there!)

Langley

April
    $800 24
an incubator

Lynn
    $800 10
Bombay

Lynn
    $800 19
roar

Dennis
    $1000 18
(Lynn: What is the Pawnee?)

the Savannah River

Lynn
Triple Stumper
    $1000 27
(Dennis: What is Pasadena?)

the Portland Trail Blazers

AprilDennis
    $1000 6
the Office of Strategic Services

Dennis
    $1000 25
(Alex: With a minute to go.)

critical

Lynn
    $1000 11
Karl Baedeker

April
    $1000 20
tabby

Triple Stumper

Scores at the end of the Double Jeopardy! Round:

April Dennis Lynn
$4,400 $9,200 $1,900
(lock game)

[wagering suggestions for these scores]

Final Jeopardy! Round responses

PEOPLE
(Alex: Oldest man in space; I've been in space a few times and I'm old!)
LynnWho is John Glenn
$0
AprilWho is John Glenn?
$400
DennisWho is John Glenn?
$0
John Glenn

Final scores:

April Dennis Lynn
$4,800 $9,200 $1,900
2nd place: Trip to Mexico City & Ixtapa New champion: $9,200 3rd place: JBL Harmony Stereo

Game dynamics:

Coryat scores:

April Dennis Lynn
$4,700 $9,200 $1,900
12 R
(including 1 DD),
3 W
(including 1 DD)
27 R
(including 1 DD),
3 W
10 R,
5 W

Combined Coryat: $15,800

[game clues] [game scores] [suggest correction]

Game tape date: 1998-11-10
The J! Archive is created by fans, for fans. Scraping, republication, monetization, and malicious use prohibited; this site may use cookies and collect identifying information. See terms. The Jeopardy! game show and all elements thereof, including but not limited to copyright and trademark thereto, are the property of Jeopardy Productions, Inc. and are protected under law. This website is not affiliated with, sponsored by, or operated by Jeopardy Productions, Inc. Join the discussion at JBoard.tv.